| 000 | 00502nam a2200217Ia 4500 | ||
|---|---|---|---|
| 008 | 210210b2011 xxu||||| |||| 00| 0 eng d | ||
| 020 | _a9789380179957 | ||
| 041 | _aeng | ||
| 082 | _a657.45 SHAA | ||
| 100 | _aSHAH (C K) | ||
| 245 | _aAuditing and corporate accounting | ||
| 260 |
_aJaipur _bOxford _c2011 |
||
| 300 | _aviii,305 | ||
| 650 | _acorporate | ||
| 650 | _aAuditing | ||
| 650 | _aand | ||
| 650 | _aaccounting | ||
| 690 | _aAuditing | ||
| 700 | _aGARG (Suresh) | ||
| 906 | _a066041 | ||
| 999 |
_c146756 _d146756 |
||